00458cam a2200157ua 45000010005000000080039000050400009000440820013000531000038000662450062001042500009001662600053001753000017002286530019002456530036002642749110907n ii |||gr||||Z||||||asm cMAIN a891.45121 aChaudhury, Lakshyadhar ,eAuthor.11aLakshyadhar Chaudhury natyavalicby Lakshyadhar Chaudhury a1st. aGuahati:bSecretary publication board assam,993. a344p:c25cm. aAssamese drama aLakshyadhar Chaudhury natyavali